| 000 | 01348nam a22002177a 4500 | ||
|---|---|---|---|
| 999 |
_c55389 _d55389 |
||
| 005 | 20260206134446.0 | ||
| 008 | s2551 th tha d | ||
| 020 | _a9789747857108 | ||
| 040 | _aNALT | ||
| 041 | _atha | ||
| 090 |
_aKE 73 _bว516ค 2551 |
||
| 110 | 2 |
_aมูลนิธิวิจัยและพัฒนากระบวนการยุติธรรมทางปกครอง _938868 |
|
| 245 | 1 | 0 |
_aคำอธิบายหลักกฎหมายวิธีปฏิบัติราชการทางปกครองตามพระราชบัญญัติวิธีปฏิบัติราชการทางปกครอง พ.ศ. 2539 / _cมูลนิธิวิจัยและพัฒนากระบวนการยุติธรรมทางปกครอง. |
| 260 |
_aกรุงเทพฯ : _bโรงพิมพ์แห่งจุฬาลงกรณ์มหาวิทยาลัย, _c2551. |
||
| 300 |
_a207 หน้า ; _b _c26 ซม. |
||
| 650 | 4 |
_aวิธีปฏิบัติราชการทางปกครอง _92070 |
|
| 850 | _aNALT | ||
| 856 | 4 | 0 |
_uhttps://hdl.handle.net/20.500.14156/460987 _71 |
| 942 |
_cLB _2local _04 |
||
| 998 |
_j111 _k นางสาวพจพิณ พรมเอี่ยม |
||